| 000 | 01563cab a2200229 4500 | ||
|---|---|---|---|
| 001 | X88800 | ||
| 008 | 090401t1998 xxu||||| |||| 00| 0 eng d | ||
| 035 | _a(Sirsi) u83192 | ||
| 041 | _aeng | ||
| 245 | _aClowes Developments (UK) Ltd v Mulchinock | ||
| 260 | _c1998 | ||
| 350 | _a0 | ||
| 490 |
_aWeekly Law Reports _v[1998] 1 WLR 42-52(11) |
||
| 520 | _aChD 26 March 1997. The plaintiff entered into a contract for sale to the defendant of a plot of land on a small estate and for the erection of a dwelling-house on the plot. The contract provided that the transaction was to be legally completed within 14 days of notice being given to the defendant`s solicitors that the dwelling-house was substantially completed. The draft transfer annexed to the contract contained a covenant by the plaintiff that the road abutting on the plot would be left in a state fit to be taken over by the local authority as a highway. The defendant became dissatisfied with the lack of progress and registered a caution to protect his interests. The defendant also learnt that the plaintiff did not own the land necessary to provide visibility splays required by the highway authority. The defendant failed to comply with notices to complete and served on the plaintiff a notice to complete a reduced price to compensate. Motion to vacate caution. Held. | ||
| 650 | _aCAUTION | ||
| 650 | _aCONTRACT FOR SALE | ||
| 650 | _aFAILURE TO COMPLETE | ||
| 650 | _aNOTICE TO COMPLETE | ||
| 690 | _aPROPERTY LAW AND PRACTICE-CASE LAW | ||
| 942 | _n0 | ||
| 948 | _c20/01/1998 | ||
| 999 |
_c52534 _d52534 |
||